Prologue to prison. (Record no. 5686)

000 -LEADER
fixed length control field 00575nam a2200181 a 4500
001 - CONTROL NUMBER
control field :::00003428$&:&@@
003 - CONTROL NUMBER IDENTIFIER
control field OkBaRHE
005 - DATE AND TIME OF LATEST TRANSACTION
control field 20000607103305.0
008 - FIXED-LENGTH DATA ELEMENTS--GENERAL INFORMATION
fixed length control field s1964 j 000 0 eng u
040 ## - CATALOGING SOURCE
Transcribing agency
100 1# - MAIN ENTRY--PERSONAL NAME
Personal name Halverson, Richard C.
245 10 - TITLE STATEMENT
Title Prologue to prison.
260 ## - PUBLICATION, DISTRIBUTION, ETC. (IMPRINT)
Place of publication, distribution, etc Los Angeles, CA., :
Name of publisher, distributor, etc Cowman Pub. Co.
Date of publication, distribution, etc c1964
300 ## - PHYSICAL DESCRIPTION
Extent 252 p. ;
Dimensions 20 cm.
650 ## - SUBJECT ADDED ENTRY--TOPICAL TERM
Topical term or geographic name as entry element Bible New Testament Romans
General subdivision Criticism, Interpretation, etc.
942 ## - ADDED ENTRY ELEMENTS (KOHA)
Source of classification or shelving scheme
Koha item type Books
Copies
Withdrawn status Date last seen Not for loan Koha item type Full call number Copy number Lost status Price effective from Current Location Shelving location Damaged status Barcode Permanent Location Source of classification or shelving scheme Date acquired
 2018-03-15 BooksBS 2665 .H3441Missing2010-04-14RHEMA Bible Training CollegeGeneral Stacks 3428RHEMA Bible Training College 2010-04-14